| 000 -LEADER |
| fixed length control field |
00956nam a22003013i 4500 |
| 001 - CONTROL NUMBER |
| control field |
021563796 |
| 003 - CONTROL NUMBER IDENTIFIER |
| control field |
OSt |
| 005 - DATE AND TIME OF LATEST TRANSACTION |
| control field |
20251006151845.0 |
| 008 - FIXED-LENGTH DATA ELEMENTS--GENERAL INFORMATION |
| fixed length control field |
241002s2004 xxkab |#|||||00| ||eng |
| 020 ## - INTERNATIONAL STANDARD BOOK NUMBER |
| International Standard Book Number |
9780435313708 |
| 040 ## - CATALOGING SOURCE |
| Original cataloging agency |
Uk |
| Language of cataloging |
eng |
| Transcribing agency |
Uk |
| Modifying agency |
KH8 |
| 042 ## - AUTHENTICATION CODE |
| Authentication code |
ukblproject |
| 082 04 - DEWEY DECIMAL CLASSIFICATION NUMBER |
| Classification number |
370 BEE |
| Edition number |
23 |
| 100 1# - MAIN ENTRY--PERSONAL NAME |
| Personal name |
Beechener, Caroline, |
| Relator term |
author. |
| 245 10 - TITLE STATEMENT |
| Title |
MODERN TIMES 1750-1990 / |
| Statement of responsibility, etc. |
Caroline Beechener, Clive Griffiths, Amanda Jacob, Lindsay von Elbing. |
| 264 #1 - PRODUCTION, PUBLICATION, DISTRIBUTION, MANUFACTURE, AND COPYRIGHT NOTICE |
| Place of production, publication, distribution, manufacture |
Oxford : |
| Name of producer, publisher, distributor, manufacturer |
Heinemann, |
| Date of production, publication, distribution, manufacture, or copyright notice |
2004. |
| 300 ## - PHYSICAL DESCRIPTION |
| Extent |
223 pages : |
| Other physical details |
illustrations, maps ; |
| Dimensions |
27 cm |
| 336 ## - CONTENT TYPE |
| Content type term |
text |
| Source |
rdacontent |
| 337 ## - MEDIA TYPE |
| Media type term |
unmediated |
| Source |
rdamedia |
| 338 ## - CARRIER TYPE |
| Carrier type term |
volume |
| Source |
rdacarrier |
| 500 ## - GENERAL NOTE |
| General note |
Key Stage 3, from back cover. |
| 500 ## - GENERAL NOTE |
| General note |
THINK HISTORY!. |
| 655 #7 - INDEX TERM--GENRE/FORM |
| Genre/form data or focus term |
Instructional and educational works |
| Source of term |
fast |
| 700 ## - ADDED ENTRY--PERSONAL NAME |
| Personal name |
Griffiths, Clive, |
| Relator term |
author. |
| 700 ## - ADDED ENTRY--PERSONAL NAME |
| Personal name |
Jacob, Amanda, |
| Relator term |
author. |
| 700 ## - ADDED ENTRY--PERSONAL NAME |
| Personal name |
Elbing, Lindsay von, |
| Relator term |
series editor. |
| 942 ## - ADDED ENTRY ELEMENTS (KOHA) |
| Source of classification or shelving scheme |
|
| Koha item type |
Books - Non Ficton |